Normal view
MARC view
Entry Personal Name
001 - CONTROL NUMBER
- control field: 17842
003 - CONTROL NUMBER IDENTIFIER
- control field: BD-RjUL
005 - DATE AND TIME OF LATEST TRANSACTION
- control field: 20260301140926.0
008 - FIXED-LENGTH DATA ELEMENTS
- fixed length control field: 260301|| aca||aabn | a|a d
040 ## - CATALOGING SOURCE
- Original cataloging agency: BD-RjUL
- Transcribing agency: BD-RjUL
100 ## - HEADING--PERSONAL NAME
- Personal name: Hill, David
- Titles and other words associated with a name: (Lecturer in law)
670 ## - SOURCE DATA FOUND
- Source citation: Work cat.: (BD-RjUL)86236: Hill, David (Lecturer in law), author., Private international law /